History of Pakistan Merchant Navy 1947-2025 (Record no. 617402)
[ view plain ]
| 000 -LEADER | |
|---|---|
| fixed length control field | 00315nam a22001217a 4500 |
| 082 ## - DEWEY DECIMAL CLASSIFICATION NUMBER | |
| Classification number | 954.91 |
| Author Mark | MAL |
| 100 ## - MAIN ENTRY--PERSONAL NAME | |
| Personal name | Capt.Iftikhar Ahmed Malik |
| 245 ## - TITLE STATEMENT | |
| Title | History of Pakistan Merchant Navy 1947-2025 |
| 260 ## - PUBLICATION, DISTRIBUTION, ETC. | |
| Place of publication, distribution, etc. | Karachi: |
| Name of publisher, distributor, etc. | Farid Printing Press; |
| Date of publication, distribution, etc. | 2025. |
| 300 ## - PHYSICAL DESCRIPTION | |
| Extent | 209p. |
| 563 ## - BINDING INFORMATION | |
| Binding note | HB |
| 942 ## - ADDED ENTRY ELEMENTS (KOHA) | |
| Source of classification or shelving scheme | |
| Koha item type | Book |
| Withdrawn status | Lost status | Source of classification or shelving scheme | Damaged status | Not for loan | Permanent Location | Current Location | Shelving location | Date acquired | Total Checkouts | Full call number | Barcode | Date last seen | Price effective from | Koha item type |
|---|---|---|---|---|---|---|---|---|---|---|---|---|---|---|
| Central Library (CL) | Central Library (CL) | History | 05/12/2026 | 954.91 MAL | CL-D-3364 | 05/12/2026 | 05/12/2026 | Book |
